Łacina w dokumentach i korespondencji dyplomatycznej polsko-hiszpańskiej w latach 1572-1668
| Titel: | Łacina w dokumentach i korespondencji dyplomatycznej polsko-hiszpańskiej w latach 1572-1668 |
|---|---|
| Verfasser: | |
| In: |
Łacina jako je̜zyk elit, (2004), Seite 431-441 alle Artikel anzeigen |
| Veröffentlicht: | 2004 |
| Format: | Aufsatz |
| Sprache: | Polnisch |
X
alg: 39390989
001A $01999:12-11-16
001B $01999:28-05-21 $t19:22:45.000
001D $01999:12-11-16
001U $0utf8
001X $00
002@ $0Aox
003@ $0393909891
007A $0393909891 $aHEB
007T $0Herdk64861
010@ $apol
011@ $a2004
021A $aŁacina w dokumentach i korespondencji dyplomatycznej polsko-hiszpańskiej w latach 1572-1668
028A $aSkowron $dRyszard
031A $h431-441 $j2004
039B $aIn $8--Aau--. Łacina jako je̜zyk elit. - Warszawa : DiG {[u.a.], 2004. - 516 S.. - ISBN 83-7181-321-X $x200400000000000569 $9126525862
045F $a417.709438 $eDDC23BSB
045F/01 $a417.7
045F/03 $g438
lok: 39390989 78
exp: 39390989 78 1 #EPN
201B/01 $025-08-20 $t22:41:50.000
201U/01 $0utf8
203@/01 $0790020416
208@/01 $a12-11-16 $be
209A/01 $a/ $f000 $x00
220C/01 $aTitelaufnehmer: pbb
220C/01 $aHerkunft: IH PAN/PBB Kraków
244Z/01 $2Trx $#Poola $#Lenkija $#Polija $#Polen Land $#Poland $#Lengyelország $#Poľsko $#Polsko $8--Trx--Polska$gkraj $x01 $9391345966
244Z/01 $#Isbāniyā $#Spain $#Espagne $#Estado Español $#España $#Espanja $#Hispania $74055964-6 $8--Tg1--Spanien $x02 $9085155950
244Z/01 $aGeschichte 1572-1668 $x03
244Z/01 $2Trx $#suhted, Hispaania-Poola $#santykiai, ispanų ir lenkų $#relations, Polish-Spanish $#kapcsolatok, lengyel-spanyol $#stosunki hiszpańsko-polskie $#vzťahy poľsko-španielske $#vztahy polsko-španělské $8--Trx--Beziehungen, polnisch-spanische $x04 $9391376926
244Z/01 $2Trx $#keel, ladina $#kalba, lotynų $#Language, Latin $#nyelv, latin $#język łaciński $#jazyk latinský $#jazyk latinský $8--Trx--Sprache, lateinische $x05 $9391367110
244Z/01 $2Trx $#korrespondenst $#susirašinėjimas $#Correspondences $#levelezés $#korespondencja $#korešpondencia $#korespondence $#laiškai $#Briefe $#Schriftverkehr $#listy $#listy $#dopisy $8--Trx--Korrespondenz $x06 $9391359568
244Z/01 $2Trx $8--Trx--Einzelbeiträge $x07 $9391384570
245Z/01 $a11.07 $x01
247C/01 $82080>Marburg/Lahn, Herder-Institut, Forschungsbibliothek, Bibliographieportal $9336309341
| LEADER | 00000caa a22000002c 4500 | ||
|---|---|---|---|
| 001 | 393909891 | ||
| 003 | DE-603 | ||
| 005 | 20210528192245.0 | ||
| 007 | tu | ||
| 008 | 161112s2004 xx |||| | u00||u|pol c | ||
| 035 | |a (DE-599)HEB393909891 | ||
| 040 | |a DE-603 |b ger |c DE-603 |d DE-603 | ||
| 041 | |a pol | ||
| 082 | 0 | 4 | |8 1\u |a 417.709438 |q DE-101 |2 23/BSB |
| 085 | |8 1\u |b 417.7 | ||
| 085 | |8 1\u |z 2 |s 438 | ||
| 100 | 1 | |a Skowron, Ryszard | |
| 245 | 0 | 0 | |a Łacina w dokumentach i korespondencji dyplomatycznej polsko-hiszpańskiej w latach 1572-1668 |
| 264 | 0 | |c 2004 | |
| 773 | 0 | 8 | |i In |t Łacina jako je̜zyk elit |d Warszawa : DiG [u.a.], 2004 |h 516 S. |z 837181321X |g (2004), Seite 431-441 |w (DE-603)126525862 |
| 924 | 0 | |9 2080 |a (DE-603)790020416 |b DE-2080 |c HES |d d |g / | |


